Joan Miró 1893-1983

Gespeichert in:
Bibliographische Detailangaben
1. Verfasser: Mink, Janis (autora)
Format: Buch
Sprache:Spanisch
Veröffentlicht: Colonia Benedikt Taschen 1993
Schlagworte:
Tags: Tag hinzufügen
Keine Tags, Fügen Sie den ersten Tag hinzu!

MARC

LEADER 00000nam a2200000 a 4500
001 UCO2990
003 CL-VaPUC
008 000610e19930000GW |||||||||||||||||spa|d
082 0 4 |a 759.06  |b MIN  |2 21 
100 |a Mink, Janis  |e autora  |9 557838 
245 1 0 |a Joan Miró 1893-1983 
300 |a 96 p 
942 |c BK 
945 |d 20000610 00:00:00  |a rbrito 
260 |a Colonia  |b Benedikt Taschen  |c 1993 
600 0 7 |a MIRO, JOAN  |2 CL-VaPUC  |9 265299 
650 0 |a Pintura francesa  |9 266122 
650 0 |a Pintores franceses   |9 340354 
650 0 |a Pintura contemporánea  |9 341274 
583 |a last modification  |c 20000610 00:00:00  |k Rodrigo Vera 
999 |c 289475  |d 289473 
952 |0 0  |1 0  |4 0  |6 759_060000000000000_MIN_1993  |7 0  |8 A  |9 337903  |a BIBHIS  |b BIBHIS  |d 2019-11-20  |i 3624374  |o 759.06 MIN 1993  |p 3624374  |r 2025-01-20  |w 2019-11-20  |y BK  |k HIS